Statistics for Name that Tank!

Click here to take the quiz!

General Stats

  • This quiz has been taken 13 times
  • The average score is 3 of 16

Answer Stats

Answer% Correct
British Mark V
82%
M60A1
55%
Panzer IV ausf H
45%
L6/40
27%
St. Chamond
27%
Leopard 2 A4
18%
T-100 Latrun
18%
EE-T1 Osório
9%
Stridsvagn M/40L
9%
Fiat 2000
0%
Grizzly I
0%
Leichter Kampfwagen II
0%
Norinco Type 96A
0%
T3E2
0%
Tančík vz.33 (P-I)
0%
Type89A I-Go
0%

Score Distribution

Percentile by Number Answered

Percent of People with Each Score

Your Score History

You have not taken this quiz